SPINNEKOP (Record no. 685923)

MARC details
000 -LEADER
fixed length control field 00242nam a2200109Ia 4500
008 - FIXED-LENGTH DATA ELEMENTS--GENERAL INFORMATION
fixed length control field 220624s9999 xx 000 0 und d
020 ## - INTERNATIONAL STANDARD BOOK NUMBER
International Standard Book Number <a href="187849129">187849129</a>
082 ## - DEWEY DECIMAL CLASSIFICATION NUMBER
Classification number J595 BAI
942 ## - ADDED ENTRY ELEMENTS
Creator ID 561
Creator Name John Tresidder
Modifier ID 561
Modifier Name John Tresidder
100 ## - MAIN ENTRY--PERSONAL NAME
Personal name JILL BAILEY
245 #0 - TITLE STATEMENT
Title SPINNEKOP
942 ## - ADDED ENTRY ELEMENTS
item type Books

No items available.